Degradation behaviour of nano silica and nano titania filled natural rubber latex nanocomposites (Record no. 56771)
[ view plain ]
| 000 -LEADER | |
|---|---|
| fixed length control field | 01453nam a2200193Ia 4500 |
| 100 ## - MAIN ENTRY--AUTHOR NAME | |
| Personal name | Anand K |
| 245 #0 - TITLE STATEMENT | |
| Title | Degradation behaviour of nano silica and nano titania filled natural rubber latex nanocomposites |
| 260 ## - PUBLICATION, DISTRIBUTION, ETC. (IMPRINT) | |
| Name of publisher | Rubber Science |
| Year of publication | 2015 |
| 300 ## - PHYSICAL DESCRIPTION | |
| Number of Pages | 294-304 |
| 520 ## - SUMMARY, ETC. | |
| Summary, etc | The shelf-life of natural rubber latex products are highly dependent on various environmental factors. To improve the quality as well as performance, fine particle dispersons are employed in their formulations. The degradation behaviour of silica (SiO2) and Titania (TiO2) nanoparticles incorporated natural rubber latex (NR) nanocomposites against various degrading agents viz, thermal, gamma-radiation, UV radiation and chlorination were studied. The properties such as tensile strength, elongation at break and modulus were recorded after exposing the latex films to various degrading environments. Compared to the gum vulcanizates, addition of nano SiO2 and nano TiO2 improved the tensile strength even after ageing. Enhanced UV resistant properties were noticed for nano titania latex composites from mechanical property measurements. Nano SiO2 (0.3 phr) imparted maximum tensile strength after chlorination. |
| 650 ## - SUBJECT ADDED ENTRY--TOPICAL TERM | |
| Topical Term | Degradation |
| 650 ## - SUBJECT ADDED ENTRY--TOPICAL TERM | |
| Topical Term | Mechanical properties |
| 650 ## - SUBJECT ADDED ENTRY--TOPICAL TERM | |
| Topical Term | Nano SiO2 Nano TiO2 natural rubber |
| 650 ## - SUBJECT ADDED ENTRY--TOPICAL TERM | |
| Topical Term | UV radiation |
| 700 ## - ADDED ENTRY--PERSONAL NAME | |
| Personal name | Kurian T |
| 700 ## - ADDED ENTRY--PERSONAL NAME | |
| Personal name | Varghese S |
| 942 ## - ADDED ENTRY ELEMENTS (KOHA) | |
| Koha item type | Journals |
| Withdrawn status | Lost status | Damaged status | Not for loan | Home library | Current library | Shelving location | Date acquired | Serial Enumeration / chronology | Koha item type |
|---|---|---|---|---|---|---|---|---|---|
| Journals | RRII Library | RRII Library | Rubber technology | 17/12/2021 | Volume 28, Issue 3 | Journals |